LEADER 02098nam 2200385 450 001 9910571732103321 005 20230511165917.0 035 $a(CKB)5860000000047475 035 $a(NjHacI)995860000000047475 035 $a(EXLCZ)995860000000047475 100 $a20230511d2018 uy 0 101 0 $aita 135 $aur||||||||||| 181 $ctxt$2rdacontent 182 $cc$2rdamedia 183 $acr$2rdacarrier 200 13$aLa paraipotassi in italiano antico /$fLuca Pesini 210 1$aFlorence :$cFirenze University Press,$d2018. 215 $a1 online resource (308 pages) 225 1 $aPremio Ricerca "Citta? di Firenze" 311 $a88-927-3076-2 330 $aIl verso dantesco «S'io dissi falso, e tu falsasti il conio» (Inferno, XXX, v. 115) e? un esempio del particolare costrutto per indicare il quale e? stata coniata la controversa etichetta di 'paraipotassi'. Sulla base di una riconsiderazione delle categorie di 'coordinazione' e 'subordinazione', l'autore propone un'analisi di questo modulo sintattico in italiano antico, affrontando aspetti quali la dibattuta questione della sua origine e la possibilita? di stabilire raffronti tipologici con strutture documentate in altre lingue (anche fuori dell'ambito romanzo e indoeuropeo). La ricerca si concentra in particolare sull'individuazione delle funzioni discorsive e testuali della paraipotassi, indagate in cinque testi che coprono un arco cronologico compreso fra la fine del Duecento e la meta? del Cinquecento. Luca Pesini, laureato in Glottologia presso l'Universita? di Firenze, si e? perfezionato in Linguistica alla Scuola Normale Superiore di Pisa. 410 0$aPremio Ricerca "Citta? di Firenze". 606 $aItalian language$y1300-1500 606 $aItalian language$xSyntax 615 0$aItalian language 615 0$aItalian language$xSyntax. 676 $a457.01 700 $aPesini$b Luca$01262789 801 0$bNjHacI 801 1$bNjHacl 906 $aBOOK 912 $a9910571732103321 996 $aLa paraipotassi in italiano antico$92953992 997 $aUNINA LEADER 03066nam 2200541 a 450 001 9910785282403321 005 20230712221129.0 010 $a1-282-70356-0 010 $a9786612703560 010 $a0-472-02718-2 035 $a(CKB)2670000000041417 035 $a(OCoLC)654106450 035 $a(CaPaEBR)ebrary10406915 035 $a(SSID)ssj0000424900 035 $a(PQKBManifestationID)11290945 035 $a(PQKBTitleCode)TC0000424900 035 $a(PQKBWorkID)10474819 035 $a(PQKB)11514167 035 $a(MiAaPQ)EBC3414913 035 $a(EXLCZ)992670000000041417 100 $a20150424h20012001 uy 0 101 0 $aeng 135 $aur||||||||||| 181 $ctxt$2rdacontent 182 $cc$2rdamedia 183 $acr$2rdacarrier 200 10$aParty competition and responsible party government $ea theory of spatial competition based upon insights from behavioral voting research /$fJames Frolik Adams 210 1$aAnn Arbor, MI :$cUniversity of Michigan Press,$d2001. 210 4$a©2001 215 $a1 online resource (xiv, 233 pages) $cillustrations 300 $aBibliographic Level Mode of Issuance: Monograph 311 0 $a0-472-08767-3 320 $aIncludes bibliographical references and index. 330 $aIn countries with multiparty political systems, we assume--if the system is going to work--that parties have relatively stable positions on policy, that these positions diverge, and that voters make choices based on policy preferences. Yet much of the research on voter behavior and party competition does not support these assumptions. In Party Competition, James Adams applies the insights of behavioral research to an examination of the policy strategies that political parties (and candidates) employ in seeking election. He argues that vote-seeking parties are motivated to present policies that appeal to voters, whose bias toward these policies is based in part on reasons that have nothing to do with policy. He demonstrates that this strategic logic has profound implications for party competition and responsible party government. Adams's innovative fusion of research methodologies presents solutions to issues of policy stability and voter partisanship. His theory's supported by an in-depth analysis of empirical applications to party competition in Britain, France, and the United States in the postwar years. Party Competition and Responsible Party Government will appeal to readers interested in the study of political parties, voting behavior and elections, as well as to scholars specializing in French, British, and American politics. 606 $aPolitical parties 606 $aDemocracy 606 $aVoting research 615 0$aPolitical parties. 615 0$aDemocracy. 615 0$aVoting research. 676 $a324.2/01 700 $aAdams$b James Frolik$01508973 801 0$bPQKB 801 2$bAzTeS 906 $aBOOK 912 $a9910785282403321 996 $aParty competition and responsible party government$93740504 997 $aUNINA LEADER 01136nas 2200397-a 450 001 9910252756503321 005 20260218110724.0 011 $a2558-7927 035 $a(CKB)1000000000274482 035 $a(CONSER)--2012264019 035 $a(DE-599)ZDB3008253-5 035 $a(DE-599)3008253-5 035 $a(EXLCZ)991000000000274482 100 $a20001116a19939999 --- - 101 0 $afre 200 00$aAlter $erevue de phénoménologie 210 $aFontenay-aux-Roses $cEditions Alter 215 $a1 online resource 300 $aEach issue has distinctive title. 311 08$aPrint version: Alter : 1249-8947 (DLC)--2012264019 (OCoLC)45368097 517 3 $aRevue de phénoménologie 606 $aPhenomenology$vPeriodicals 606 $aPhänomenologie$2swd 606 $aZeitschrift$2swd 608 $aZeitschrift. 615 0$aPhenomenology 615 07$aPhänomenologie. 615 07$aZeitschrift. 686 $a100$2sdnb 686 $a200$2zdbs 686 $a5,1$2ssgn 906 $aJOURNAL 912 $a9910252756503321 920 $aexl_impl conversion 996 $aAlter$9891537 997 $aUNINA